Diary of a Wimpy Kid : Rodrick Rules /

保存先:
書誌詳細
第一著者: Kinney, Jeff (autor)
フォーマット: 図書
言語:英語
出版事項: Nueva York, EUA : Amulet Books, 2008, c2008
主題:
タグ: タグ追加
タグなし, このレコードへの初めてのタグを付けませんか!

MARC

LEADER 00000nam^a2200000^a^4500
001 000414855
005 20251215000000.0
009 20260526144106.968
020 |a 978-1-4197-4186-9 
037 |a Acervo ITESO - Biblioteca 
041 |a ING 
082 |a 808. 899282  |b KIN DIA V. 2 
100 |a Kinney, Jeff  |e (autor) 
240 1 1 |a [Diario de Greg] 
245 1 0 |a Diary of a Wimpy Kid :  |b Rodrick Rules /  |c J. Kinney. 
264 4 |a Nueva York, EUA :  |b Amulet Books,  |c 2008, c2008 
300 |a 216 p. 
336 |a texto  |b txt  |2 rdacontenido 
337 |a sin mediación  |b n  |2 rdamedio 
338 |a volumen  |b nc  |2 rdasoporte 
649 |a XX 
650 |a Hermanos en la Literatura 
650 |a Adolescentes en la Literatura 
650 |a Sagas Modernas -  |z EUA 
650 |a Diarios Literarios Norteamericanos 
650 |a Literatura Norteamericana -  |y Siglo XXI 
650 |a Literatura Juvenil -  |z EUA 
650 |a Relaciones entre Hermanos 
910 |a Fondo General 
920 |a Impresos - Libros 
930 |a Colección General 
940 |a Literatura 
905 |a 101 
901 |a 0500324428  |b IT1  |c LIT  |i D115580  |u 20251215 
902 |a https://opac.biblio.iteso.mx/vufind/Record/000414855